The global money markets /

Bibliographic Details
Main Author: Fabozzi, Frank J.
Other Authors: Mann, Steven V., Choudhry, Moorad
Format: Book
Language:English
Published: New York : Chichester : Wiley, 2002.
Series:Frank J. Fabozzi series.
Subjects:

MARC

Tag First Indicator Second Indicator Subfields
LEADER 00000cam a22000008a 4500
001 in00001702327
005 20151024153050.0
008 020128s2002 nyu 000 0 eng
015 |a GBA2-X8010 
020 |a 0471220930 
035 |a (OCoLC)ocm49594773 
040 |a UKM  |c UKM  |d TXA  |d UtOrBLW 
049 |a TXAM 
082 0 4 |a 332.45  |2 21 
090 |a HG226  |b .F33 2002 
100 1 |a Fabozzi, Frank J. 
245 1 4 |a The global money markets /  |c Frank J. Fabozzi, Steven V. Mann and Moorad Choudhry. 
264 1 |a New York :  |a Chichester :  |b Wiley,  |c 2002. 
300 |a 328 pages :  |b illustrations ;  |c 24 cm. 
336 |a text  |b txt  |2 rdacontent 
337 |a unmediated  |b n  |2 rdamedia 
338 |a volume  |b nc  |2 rdacarrier 
490 1 |a The Frank J. Fabozzi series 
504 |a Includes bibliographical references and index 
650 0 |a Money market. 
650 0 |a International finance. 
700 1 |a Mann, Steven V. 
700 1 |a Choudhry, Moorad. 
830 0 |a Frank J. Fabozzi series. 
994 |a E0  |b TXA 
999 |a MARS 
999 f f |s b8cb9b70-9ab9-30ba-96c8-b174d9b6d4a6  |i 99cb640f-6a70-3aef-9680-aef7042299a5  |t 0 
952 f f |p ric  |a Texas A&M University  |b Rellis Campus  |c Joint Library Facility  |d Remote Storage  |t 0  |e HG226 .F33 2002  |h Library of Congress classification  |i unmediated -- volume  |m A14829123547 
998 f f |a HG226 .F33 2002  |t 0  |l Remote Storage